00593nam a2200241Ia 4500008004100000020001800041050001400059100002100073245001500094245001800109245002400127260002500151260002200176260000900198300001500207300002800222300001000250500000900260650001700269650002800286650002600314700001100340190123s9999 xx 000 0 und d a9780516454511 bP733 1994 aPluckrose, Henry 0aCapacity : 0bmath counts / 0cby Henry Pluckrose. aNew York, New York : bChildren's Press, c1994 a31 pages : bcolored illustrations ; c22cm. a400L aMathematics. aVolume (Cubic content). aWeights and measures. aTitle.